| 000 | 00374nam a2200133 a 4500 | ||
|---|---|---|---|
| 001 | 4862 | ||
| 003 | CDMR | ||
| 005 | 20130301120826.0 | ||
| 008 | 130130s1989||||||||||||||||||||||||||||d | ||
| 040 |
_aCDMR _bcat _cCDMR |
||
| 245 | 0 | 0 |
_aII Mostra Fotográfica Lugo 1989 _b: A paisaxe |
| 260 |
_aLugo _c1989 _bDiputación Provincial de Lugo. Servicio de Publicaciones |
||
| 942 |
_cMON _2udc |
||
| 999 |
_c4862 _d4862 |
||